مكتبة جامعة عجلون الوطنية

فهرس بحث المكتبة

Normal view MARC view
  • سنقرط ، وجدان، م . مشارك عبد الرزاق ابو اليل ، مصطفى درويش

Entry Personal Name

Number of records used in: 1

001 - CONTROL NUMBER

  • control field: 35302

003 - CONTROL NUMBER IDENTIFIER

  • control field: JO-AjAnu

005 - DATE AND TIME OF LATEST TRANSACTION

  • control field: 20230606075914.0

008 - FIXED-LENGTH DATA ELEMENTS

  • fixed length control field: 230606|| aca||aabn | a|a d

040 ## - CATALOGING SOURCE

  • Original cataloging agency: JO-AjAnu
  • Transcribing agency: JO-AjAnu

100 ## - HEADING--PERSONAL NAME

  • Personal name: سنقرط ، وجدان، م . مشارك عبد الرزاق ابو اليل ، مصطفى درويش

670 ## - SOURCE DATA FOUND

  • Source citation: Work cat.: (JO-AjAnu)18129: سنقرط ، وجدان، م . مشارك عبد الرزاق ابو اليل ، مصطفى درويش, author, مفاهيم اساسية في العلوم والرياضيات